000 01285nam2a22002531 4500
001 RU\NLR\INFOCOMM31\1000097414
005 20250617055207.0
035 _a(NLR Aleph) 002501117
090 _a2594048
_c2594048
100 _a20040819d1985 |||y0rusy50 ca
101 0 _arus
102 _aRU
105 _ay |||||||||
200 1 _aКонструктивные особенности новых моделей бытовых электроприборов и машин
_fД.А. Лепаев
210 _d1985
_aБ. м.
461 0 _1001RU\NLR\INFOCOMM31\1000097375
_12001#$aБытовое обслуживание населения$eОбзор. информ.$hСерия 6$iРемонт бытовой техники$fМ-во быт. обслуж. населения РСФСР. ЦБНТИ$v1985, Вып.1
_92593832
_cМ.
_d1966-1991
_fМ-во быт. обслуж. населения РСФСР. ЦБНТИ
_hСерия 6
_iРемонт бытовой техники
_oОбзор. информ.
_tБытовое обслуживание населения
_x0203-1353
_v1985, Вып.1
700 1 _aЛепаев
_bД.А.
_4070
801 1 _aRU
_bInfoComm
_c20040819
801 0 _aRU
_bNLR
_gPSBO
852 _aNLR
_jП10/3218
942 _cISSUE
980 _aNB
980 _aRUSPER